01281nam a2200277 a 450000100100000000500170001000800410002702000180006804000250008608200130011110000350012424500950015926000420025430000270029649000620032359000270038550000560041265000410046865000310050970000350054083000660057595201170064195201110075895201170086999900170098600004714320240412074306.0150216s2016 dr a 000 j spa d a9789945175790 aDO-SdBNPbspacBNPHU axxxbU151 aUbiñas, Karinad1972-97493110a¡Toqui, toqui!, llegó la abuelita /cKarina Ubiñas ; ilustraciones Adelina Rosa Dore. aSanto Domingo :bEdiciones SM,c2016. a29 p. :bil. ;c20 cm.1 aEl barco de vapor, para empezar a leer;aLos felicesv3 ; aInventariado, 2018/ YL aIncluye datos biográficos del autor e ilustrador. 4aCuentos infantiles dominicano973270 0aLiteratura dominicana.96712aDore, Adelina Rosaeil.974924 0aEl barco de vapor, para empezar a leerpLos felicesn3974932 0010718DSaGRbGRcCTd2018-04-17iLF1l0oxxx U15p47143-30r2020-06-25te. 3w2020-06-25yLFDSZNo se presta 0010718PDaPDbPDcCTd2018-04-17iLF1l0oxxx U15p47143-10r2020-06-25w2020-06-25yLFPDZNo se presta 0010718PDaPDbPDcCTd2018-04-17iLF1l0oxxx U15p47143-20r2020-06-25te. 2w2020-06-25yLFPDZNo se presta c46631d46631